Statistics for Hey Girl! Songs with girl/lady/woman in the title

Click here to take the quiz!

General Stats

  • This quiz has been taken 14 times
  • The average score is 6 of 12

Answer Stats

SongAnswer% Correct
Girls Just Want to Have FunCyndi Lauper
92%
You Make Me Feel Like a Natural Woman Aretha Franklin
77%
Oh, Pretty WomanRoy Orbison
69%
No Woman, No CryBob Marley
62%
Brown Eyed GirlVan Morrison
54%
LA WomanThe Doors
46%
Independent WomenDestiny's Child
38%
Three Times a LadyThe Commodores
38%
Girls on FilmDuran Duran
31%
West End GirlsPet Shop Boys
31%
My Best Friend's GirlThe Cars
23%
Hey Boy Hey GirlChemical Brothers
8%

Score Distribution

Percentile by Number Answered

Percent of People with Each Score

Your Score History

You have not taken this quiz